| 000 | 01240nam a22002537a 4500 | ||
|---|---|---|---|
| 003 | 0 | ||
| 005 | 20251105104429.0 | ||
| 008 | 251105b xxu||||| |||| 00| 0 eng d | ||
| 020 | _a978-1-84749-369-9 | ||
| 050 |
_aPR 4034 _b.A93 2023 |
||
| 100 |
_aAusten, Jane, _d1775-1817, _eauthor. |
||
| 245 |
_aPride and prejudice / _cJane Austen. |
||
| 260 |
_aRichmond : _bAlma Classics, _c2023. |
||
| 300 |
_a311 pages ; _c20 cm. |
||
| 500 | _aOriginally published in 1813. Includes introduction and notes. This edition includes additional materials such as author biography and discussion questions. | ||
| 504 | _aIncludes bibliographical references. | ||
| 520 | _aOne of the most beloved novels in English literature, this classic tells the story of Elizabeth Bennet, a spirited young woman navigating issues of manners, upbringing, morality, and marriage in early 19th-century England. Her wit and independence clash with the proud Mr. Darcy, leading to a timeless tale of love, misunderstanding, and personal growth. | ||
| 546 | _aIn English. | ||
| 650 |
_aYoung women _zEngland _vFiction. |
||
| 650 |
_aSocial classes _zEngland _vFiction. |
||
| 650 |
_aCourtship _zEngland _vFiction. |
||
| 830 | _aAlma Classics. | ||
| 942 |
_2lcc _cBK |
||
| 999 |
_c368467 _d368467 |
||